01423nam a2200349 a 4500001001200000003000800012006001900020007001500039008004100054010001700095020001500112020001800127040002100145035002100166050002500187082001400212100002500226245017200251260004400423300002400467490004000491504004900531533015200580650003100732650004500763655002900808700003200837700002000869710001700889830004100906856012600947ebr10187134CaPaEBRm u cr cn|||||||||070911s2007 dcua sb i000 0 eng d z 2007299132 z082137169X z9780821371695 aCaPaEBRcCaPaEBR a(OCoLC)29058927214aHC79.C3bH375 2007eb04a338.92221 aHaas, Lawrence J. M.10aSetting standards for communication and governanceh[electronic resource] :bthe example of infrastructure projects /cLarry J.M. Hass, Leonardo Mazzei, Donal O'Leary. aWashington, D.C. :bWorld Bank,cc2007. axiii, 47 p. :bill.1 aWorld Bank working paper ;vno. 121 aIncludes bibliographical references (p. 47). aElectronic reproduction.bPalo Alto, Calif. :cebrary,d2013.nAvailable via World Wide Web.nAccess may be limited to ebrary affiliated libraries. 0aInfrastructure (Economics) 0aEconomic developmentxPolitical aspects. 7aElectronic books.2local1 aMazzei de Grazia, Leonardo.1 aO'Leary, Donal.2 aebrary, Inc. 0aWorld Bank working paper ;vno. 121.40uhttp://site.ebrary.com/lib/rucke/Doc?id=10187134zAn electronic book accessible through the World Wide Web; click to view